| 000 | 00690nam a2200133Ia 4500 | ||
|---|---|---|---|
| 008 | 171212s9999 xx 000 0 und d | ||
| 020 | _a9781925021318 | ||
| 245 |
_ceditor Podger, Andrew;Trewin, Dennis _aMeasuring and Promoting Wellbeing _bHow Important is Economic Growth? |
||
| 260 |
_bANU E Press _c2014 |
||
| 440 | _aAustralia and New Zealand School of Government (ANZSOG) | ||
| 650 | _aCastles, Ian; Festschriften -- Australia; Economic development -- Social aspects; Economic development -- Sociological aspects; Quality of life -- Economic aspects; Well-being -- Economic aspects | ||
| 650 | _aManagement & Organizational Behavior | ||
| 856 | _uhttp://www.jstor.org/stable/j.ctt6wp80q | ||
| 999 |
_c351206 _d351206 |
||